Faktory ovplyvňujúce výkonnosť podniku

Interné faktory pôsobiace na vybraný podnik. Pracovné prostredie a ergonomické zásady. Manažment kvality a Lean sigma. Externé faktory pôsobiace na výkonnosť podniku.

Gespeichert in:
Bibliographische Detailangaben
1. Verfasser: Sabolová, Martina
Weitere Verfasser: Karšňáková, Albína
Format: Buchkapitel
Sprache:Slowakisch
Schlagworte:
Tags: Tag hinzufügen
Keine Tags, Fügen Sie das erste Tag hinzu!

MARC

LEADER 00000naa a2200000 4500
001 0212163
005 20240502073534.3
041 0 |a slo 
044 |a SK 
245 1 0 |a Faktory ovplyvňujúce výkonnosť podniku  |c Martina Sabolová, Albína Karšňáková 
520 |a Interné faktory pôsobiace na vybraný podnik. Pracovné prostredie a ergonomické zásady. Manažment kvality a Lean sigma. Externé faktory pôsobiace na výkonnosť podniku. 
610 2 0 |a výkonnosť podniku 
610 2 0 |a prostredie podnikové 
610 2 0 |a zdroje ľudské 
610 2 0 |a podnik výrobný 
610 2 0 |a riadenie kvality 
100 1 |a Sabolová, Martina 
700 1 |a Karšňáková, Albína